00318pab a2200121 454500008004000000100001900040245005200059260000900111300001100120362001100131650002800142773002600170180718b1983 xxu||||| |||| 00| 0 eng d aKellner, Peter aThe lobby, official secrets and good government c1983 a275-81 aSummer aOfficial Secrets - U.K. aParliamentary Affairs